000 00513nam a2200169Ia 4500
003 GCL
008 140319s9999 xx 000 0 ara d
040 _aGCL /
_cGCL
082 0 4 _aط
_b221.12
_bط م
100 1 _aالطبرى
245 1 0 _aمصحف الشروق المفسر الميسر, جزء تبارك /
_cالطبرى
300 _a31 ص
490 _aالهيئة العامة للاستعلامات
_v0
650 0 4 _aالقران
650 0 4 _aالقران - اداب التلاوة
942 _2ddc
_cBK
999 _c51420
_d51420